Vývoj nákladnej a osobnej dopravy ČSAD v rokoch 1980-1988

Guardado en:
Detalles Bibliográficos
Autor principal: Lüttmerdingová
Formato: Libro
Lenguaje:eslovaco
Publicado: Bratislava Slovenský štatistický úrad 1988
Etiquetas: Agregar Etiqueta
Sin Etiquetas, Sea el primero en etiquetar este registro!

MARC

LEADER 00000nam a2200000 4500
001 c028429
005 20250512103918.0
041 0 |a slo 
044 |a SK 
245 1 0 |a Vývoj nákladnej a osobnej dopravy ČSAD v rokoch 1980-1988  |c Lüttmerdingová 
264 1 |a Bratislava  |b Slovenský štatistický úrad  |c 1988 
300 |a 27 s. 
100 1 |a Lüttmerdingová